[Event "Aragon-ch Seniors 50+"]
[Site "Zaragoza"]
[Date "2019.04.27"]
[Round "1"]
[White "Torcal Andolz, Alfonso"]
[Black "Sanchez Gascon, Ricardo"]
[Result "1-0"]
[WhiteElo "1761"]
[BlackElo "1387"]
[PlyCount "91"]
[EventDate "2019.04.27"]
[EventType "swiss"]
[EventRounds "8"]
[EventCountry "ESP"]
[SourceTitle "EXT 2020"]
[Source "ChessBase"]
[SourceDate "2019.10.17"]
[SourceVersion "1"]
[SourceVersionDate "2019.10.17"]
[SourceQuality "1"]

1. c4 g6 2. Nc3 Bg7 3. Nf3 d6 4. g3 Nd7 5. Bg2 c5 6. 0-0 Ngf6 7. a3 Rb8 8. Rb1 b6 9. b4 Bb7 10. d3 0-0 11. Bd2 h6 12. d4 cxd4 13. Nxd4 Bxg2 14. Kxg2 Qc7 15. Ncb5 Qb7+ 16. Kg1 a6 17. Nc3 Rfc8 18. Qb3 Ne4 19. Nxe4 Qxe4 20. e3 Ne5 21. Rbc1 Qa8 22. f4 Ng4 23. h3 Nf6 24. b5 Ne4 25. Be1 Nc5 26. Qc2 e6 27. Nc6 Rb7 28. Bb4 axb5 29. cxb5 d5 30. Bxc5 bxc5 31. Qxc5 Kh7 32. Rb1 Bf8 33. Qc3 Qa4 34. Qd3 Bxa3 35. Rf2 Qc4 36. Qxa3 Rxc6 37. Rfb2 Rcb6 38. Rb4 Qe2 39. Qb2 Qxe3+ 40. Qf2 Qd3 41. R1b3 Qf5 42. Kg2 f6 43. g4 Rxb5 44. gxf5 Rxb4 45. Rxb4 Rxb4 46. Qa7+ 1-0